000
00310nam a22001457a 4500
008
210426b ||||| |||| 00| 0 eng d
020
_a
1878379720
041
_a
eng
080
_a
32
082
_a
32
100
_a
20
101
_a
SHP
245
_a
Negotiating Across Cultures
_c
Cohen,R
942
_2
udc
_c
BK
999
_c
56778
_d
56778